00317pab a2200121 454500008004000000100001700040245007100057260000900128300001300137362000800150650002100158773001600179180718b2006 xxu||||| |||| 00| 0 eng d aJolly, Susie aNot so strange bedfellows: sexuality and international development c2006 ap.77-80. aMar aSexual behaviour aDevelopment